01078nam a2200313 i 450000100060000000300090000600500170001500700030003200800410003508000250007608000260010108000170012708000260014408000100017024500420018026000600022230000280028250501420031060000220045260000510047460000220052565100350054765100760058270000330065870000260069170000200071770000060073785200210074363847ES-MaACL20250818131135.0t|031217s1971 sp f 001 0cspa d a929 Guevara, Ernesto a929 Mussolini, Benito a945"1922/45" a929 Tshombe, Moisés a967.500aFiguras singulares de nuestro tiempo. a[Madrid : bCírculo de Amigos de la Historia, c1971] a3 v., lám. ; c18 cm.0 a1. Che Guevara: ¿aventura o revolución? / Horacio Daniel Rodríguez - 2. Mussolini / Christopher Hibbert - 3. Tshombe / Pierre de Vos14aGuevara, Ernesto.14aMussolini, Benito, d1883-1945- xBiografías14aTshombe, Moïse. 4aItalia-xHistoria-z1922-1945. aCongo (República Democrática)-xHistoria-y1960-1965, Guerra civil.1 aRodríguez, Horacio Daniel.1 aHibbert, Christopher.1 aVos, Pierre de.2 a  aES-MaACLjP-1897